Online Catalogue and eLibrary

Ilankaiyin Inavaraiyalum Manitaviyalum (Record no. 6053)

MARC details
000 -LEADER
fixed length control field 00444nam a22001577a 4500
005 - DATE AND TIME OF LATEST TRANSACTION
control field 20250522014201.0
008 - FIXED-LENGTH DATA ELEMENTS--GENERAL INFORMATION
fixed length control field 250522b |||||||| |||| 00| 0 eng d
020 ## - INTERNATIONAL STANDARD BOOK NUMBER
ISBN 9789556592740
082 ## - DDC Classification
DDC Edition Number 22
Class No. 301
Item Number - Author Mark ILA
100 ## - MAIN ENTRY--PERSONAL NAME
Personal name Shanmugalingum. K
245 ## - TITLE STATEMENT
Title Ilankaiyin Inavaraiyalum Manitaviyalum
260 ## - PUBLICATION, DISTRIBUTION, ETC.
Place of publication, distribution, etc. Colombo - Chennai
Name of publisher, distributor, etc. Kumaran Book House
Date of publication, distribution, etc. 2011
300 ## - PHYSICAL DESCRIPTION
Extent (e.g. Volumes, Pages etc.) 139 p .,
500 ## - GENERAL NOTE
General note Ethnography and Anthropology of Sri Lanka
942 ## - Koha item type (Biblio)
Koha item type Books in Stacks (Lending)
Holdings
Lost status Damaged status Collection code Home library Current library Date acquired Full call number Accession Number Item type
    Lending WERC Library WERC Library 05/22/2025 301 ILA 7031 Books in Stacks (Lending)

© WERC Library